Slovník súčasného slovenského jazyka A - G

Saved in:
Bibliographic Details
Format: Book
Language:Slovak
Published: Bratislava VEDA, vydavateľstvo Slovenskej akadémie vied 2006
Subjects:
Tags: Add Tag
No Tags, Be the first to tag this record!

MARC

LEADER 00000nam$a2200000$$$4500
001 0053587
005 20250901121529.1
020 |a 80-224-0932-4 
041 0 |a slo 
044 |a SK 
245 1 0 |a Slovník súčasného slovenského jazyka  |b A - G 
264 1 |a Bratislava  |b VEDA, vydavateľstvo Slovenskej akadémie vied  |c 2006 
300 |a 1134 s. 
610 2 0 |a slovenčina 
610 2 0 |a jazykoveda